000 00500nam a22001457a 4500
008 140210b xxu||||| |||| 00| 0 eng d
020 _a9780521280884
050 _aB802.C24 2005
245 _aThe Cambridge History of Eighteenth-Century Philosophy
_cedited by Knud Haakonssen
260 _aNew York
_bCambridge University Press
_c2005
300 _axvi, 638p.
_c23cm.
650 _aPhilosophy-History-18th Century
_98569
700 _aHaakonssen, Knud (ed.)
_98570
942 _2lcc
_cMONOGRAPH
_06
999 _c120021
_d120021